000 00733nam a22002177a 4500
010 _aENG-100763
020 _c60.00
035 _aEN-84296
037 _bDBAD / PUB
082 _a954.31
100 _aR. Lakshminarayanan
_914996
245 _aChettinad /
_cby R. Lakshminarayanan
260 _aKaraikudi
_bSevarkotiyon Publication
_c2008
270 _aSevarkotiyon Publication
_bKaraikudi
_e630006
300 _aV.2. 112 p.
_c24cm (Pbk)
650 _aHistory of chettiad
_914997
650 _aHistory of Tamilnadu
_914998
700 _96162
942 _2ddc
_cEN
_mRLA
_h954.31
999 _c42311
_d42311